Los grandes problemas de la economía contemporánea /

Guardado en:
Autor Principal: Nogaro, Bertrand
Formato: Libro
Publicado: Buenos Aires : Eudeba, 1965
Edición:3a. ed.
Materias:
Etiquetas: Agregar Etiqueta
Sin Etiquetas, Sea el primero en etiquetar este registro!
LEADER 01146nam a22002055a 4500
001 CEM.cems004668
005 20060217000000.0
008 130507s1965##################000#0#####d
003 CEMS
082 0 4 |a 330 
100 1 |a Nogaro, Bertrand 
245 1 0 |a Los grandes problemas de la economía contemporánea / 
250 |a 3a. ed. 
260 |a Buenos Aires :  |b Eudeba,  |c 1965 
300 |a 132 p. 
505 0 |a Economia: Definición; Problemas de la sociedad económica; Funciónamiento del sistema mixto de empresa capitalista; Division del trabajo; Elementos de la oferta y la demanda; Organización e ingresos de las empresas; Ingresos individuales y familiares; Los trabajadores y las relaciónes industriales; Gasto publico, Regulación de la actividad económica y financiación del gasto, Impuesto federales y haciendas locales; Ahorro, consumo e inversion; Ciclo economico y su prevision; Precios y dinero; Factores de producción; Las finanzas y el comercio internaciónal; problemas economicos actuales 
653 |a Economia 
653 |a Produccion 
653 |a Sistemas monetarios 
859 |a CEMS  |b BIB. CEMS - 11 de abril  |h 330  |i N686  |p 652.73  |t Ej.1